=LDR 00000nam 2200000 4500 =001 INLIS000000000057661 =005 20210504085427 =035 ##$$a 0010-0321000092 =007 ta =008 210504################g##########0#ind## =020 ##$$a 979-8589-36-4 =082 ##$$a 338.42 =084 ##$$a 338.42 DEW m =100 1#$$a Dewayanti, Ratih =245 1#$$a Marjinalisasi dan eksploitasi perempuan usaha mikro di perdesaan jawa /$c Ratih Dewayanti, Erna Ermawati Chotin =250 ##$$a cet.1 =260 ##$$a Bandung :$b Akatiga,$c 2004 =300 ##$$a xxxviii, 162 hlm ; $c 21x14 cm =600 #4$$a Usaha mikro =700 #$$a Chotin, Erna Ermawati =990 ##$$a 20616805 =990 ##$$a 20616804 =990 ##$$a 20616806 =990 ##$$a 20616807